[Event "Women's Speed Chess Q7"]
[Site "chess.com INT"]
[Date "2021.06.06"]
[Round "19"]
[White "Sviridova, Vlada"]
[Black "Jakubowska, Anna"]
[Result "1-0"]
[WhiteTitle "WFM"]
[BlackTitle "WIM"]
[WhiteElo "2144"]
[BlackElo "2073"]
[WhiteFideId "24109606"]
[BlackFideId "1121952"]
[EventDate "2021.06.06"]

1. d4 d5 2. c4 c6 3. Nf3 Nf6 4. Nc3 e6 5. e3 Nbd7 6. Qc2 Bd6 7. Bd3 dxc4 8. Bxc4
b5 9. Be2 a6 10. O-O Bb7 11. e4 Be7 12. e5 Nd5 13. Ne4 O-O 14. a3 c5 15. dxc5
Rc8 16. b4 f5 17. exf6 Bxf6 18. Nxf6+ N7xf6 19. Ne5 Qc7 20. Bb2 Nf4 21. Bf3 N6d5
22. Be4 g6 23. h4 Kg7 24. g3 Nh5 25. Nxg6+ Ndf6 26. Nxf8 Bxe4 27. Nxe6+ Kg6 28.
Qd2 Qc6 29. Qg5+ Kf7 30. Nd4 Qd5 31. Qh6 Bh1 32. f3 Rg8 33. g4 Rxg4+ 34. Kxh1
Rxh4+ 35. Kg2 Rg4+ 36. Kf2 Rg6 37. Qe3 Ng3 38. Rg1 Ngh5 39. Rxg6 hxg6 40. Rg1
Qa2 41. Qd2 Nf4 42. Qxf4 Qxb2+ 43. Ne2 Qxa3 44. Rg5 Qb2 45. c6 Qc2 46. Rc5 Qb1
47. c7 g5 48. Qxg5 Qh1 49. Qf4 1-0

[Event "Women's Speed Chess Q7"]
[Site "chess.com INT"]
[Date "2021.06.06"]
[Round "19"]
[White "Vantika, Agrawal"]
[Black "Berend, Elvira"]
[Result "1-0"]
[WhiteTitle "WIM"]
[BlackTitle "WGM"]
[WhiteElo "2286"]
[BlackElo "2326"]
[WhiteFideId "25050389"]
[BlackFideId "4000510"]
[EventDate "2021.06.06"]

1. d4 Nf6 2. Bg5 d5 3. Bxf6 exf6 4. g3 g6 5. Bg2 Bg7 6. e3 O-O 7. Ne2 c6 8. Nd2
f5 9. c4 dxc4 10. Nxc4 Be6 11. b3 Bd5 12. O-O Bxg2 13. Kxg2 h5 14. h4 Nd7 15.
Nf4 Nf6 16. Rc1 Ne4 17. Qd3 Bh6 18. Ne2 Qe7 19. Rfd1 Rad8 20. Ne5 Bg7 21. Nf3
Rfe8 22. Nf4 Bh6 23. Nh3 Bg7 24. Qe2 Nd6 25. Nf4 Ne4 26. Nd3 Bh6 27. Nc5 a6 28.
Nxe4 fxe4 29. Ne5 Rd5 30. Qc2 f5 31. Nxg6 Qg7 32. Ne5 Kh7 33. Qe2 Rdxe5 34. dxe5
Qg6 35. Rd7+ Bg7 36. Rxb7 Rxe5 37. Rd1 Rd5 38. Rxd5 cxd5 39. Qd1 f4 40. exf4 e3
41. Qxd5 e2 42. Qe5 Qc6+ 43. Kh2 Qxb7 44. Qxh5+ Kg8 45. Qxe2 Kh7 46. h5 Qd5 47.
g4 Qd4 48. Kg3 Qc3+ 49. f3 1-0

[Event "Women's Speed Chess Q7"]
[Site "chess.com INT"]
[Date "2021.06.06"]
[Round "19"]
[White "Szente Varga, Fruzsina"]
[Black "Fominykh, Maria"]
[Result "0-1"]
[WhiteTitle "WFM"]
[BlackTitle "WGM"]
[WhiteElo "2100"]
[BlackElo "2206"]
[WhiteFideId "712264"]
[BlackFideId "4142411"]
[EventDate "2021.06.06"]

1. e4 d6 2. d4 Nf6 3. Nc3 Nbd7 4. Be3 e5 5. Nge2 Ng4 6. Qd2 Be7 7. f3 Nxe3 8.
Qxe3 Bg5 9. Qf2 c6 10. h4 Bf6 11. dxe5 dxe5 12. O-O-O Qb6 13. Qxb6 Nxb6 14. Kb1
h5 15. g4 hxg4 16. fxg4 Bxg4 17. h5 Rxh5 18. Rxh5 Bxh5 19. Bh3 Rd8 20. Rg1 Nc4
21. b3 Nd2+ 22. Kb2 Nf3 23. Rf1 Nd4 24. Ng3 Bg6 25. Bg4 b5 26. Bh5 Bh7 27. a3 a5
28. b4 axb4 29. axb4 Ke7 30. Bd1 Ne6 31. Rh1 Bg6 32. Bh5 Nf4 33. Bxg6 Nxg6 34.
Nf5+ Ke6 35. Rh7 Rg8 36. Rh1 Ne7 37. Ne3 Nc8 38. Ng4 Be7 39. Rd1 Bxb4 40. Ne3
Nd6 41. Re1 Bxc3+ 42. Kxc3 Nxe4+ 43. Kd3 f5 44. Nxf5 Kxf5 45. Rxe4 Rd8+ 46. Ke3
Rd4 47. Rxd4 exd4+ 48. Kxd4 g5 49. Kc5 g4 50. Kxc6 g3 51. Kxb5 g2 52. c4 g1=Q
53. c5 Qc1 54. Kb6 Ke6 55. c6 Kd6 56. Kb7 Qxc6+ 57. Kb8 Qd7 58. Ka8 Kc6 59. Kb8
Qb7# 0-1

[Event "Women's Speed Chess Q7"]
[Site "chess.com INT"]
[Date "2021.06.06"]
[Round "19"]
[White "Fernandez, Maria Florencia"]
[Black "Mkrtchian, Lilit"]
[Result "0-1"]
[WhiteTitle "WIM"]
[BlackTitle "IM"]
[WhiteElo "2229"]
[BlackElo "2388"]
[WhiteFideId "116459"]
[BlackFideId "13300601"]
[EventDate "2021.06.06"]

1. d4 Nf6 2. c4 c6 3. Nc3 d5 4. Nf3 dxc4 5. e4 b5 6. Be2 e6 7. O-O Be7 8. e5 Nd5
9. Ne4 Bb7 10. Nfg5 h6 11. Nxe6 fxe6 12. Bh5+ Kd7 13. Qg4 Qf8 14. Qh3 Na6 15.
Bg4 Nac7 16. f4 g6 17. Bd2 h5 18. Bf3 Qf5 19. Qg3 Rag8 20. b3 cxb3 21. axb3 a6
22. Rac1 Rf8 23. Qe1 h4 24. h3 Qf7 25. Bg4 Rc8 26. Nc5+ Bxc5 27. dxc5 Rce8 28.
Ba5 Kc8 29. Rd1 Qd7 30. Qe4 Rhf8 31. Qxg6 Qf7 32. Qxf7 Rxf7 33. Rd4 Ref8 34. Bd2
Kd7 35. Re4 Ke7 36. Rf3 Bc8 37. Be1 Rh8 38. Bd2 Ne8 39. b4 Ng7 40. Re1 Nf5 41.
Ra3 Kd7 42. Rd1 Kc7 43. Be1 Kb7 44. Bd2 Rd8 45. Bf3 Rfd7 46. Rf1 Rh8 47. Bc1
Nxb4 48. Rb3 Nd5 49. Bb2 Nc7 50. Ra1 Rhd8 51. Kh2 Rd3 0-1

[Event "Women's Speed Chess Q7"]
[Site "chess.com INT"]
[Date "2021.06.06"]
[Round "19"]
[White "Dong, Khanh Linh"]
[Black "Pandey, Srishti"]
[Result "0-1"]
[WhiteTitle "WCM"]
[BlackTitle "WFM"]
[WhiteElo "1970"]
[BlackElo "2026"]
[WhiteFideId "12403040"]
[BlackFideId "35093290"]
[EventDate "2021.06.06"]

1. Nf3 Nf6 2. g3 e6 3. Bg2 d5 4. O-O c5 5. c4 Nc6 6. cxd5 exd5 7. d3 Be7 8. Nc3
O-O 9. Rb1 Be6 10. a3 h6 11. Bd2 b6 12. Qc2 Rc8 13. Rfc1 Nd4 14. Qd1 Qd7 15. Ne5
Qc7 16. Nf3 Nxf3+ 17. Bxf3 Qd7 18. Bg2 Rfd8 19. Na4 d4 20. b4 cxb4 21. axb4 Bd5
22. Nb2 Bxg2 23. Kxg2 Nd5 24. Nc4 Qb7 25. Kg1 b5 26. Na5 Qb6 27. Qb3 Nf6 28.
Rxc8 Rxc8 29. Rc1 Rxc1+ 30. Bxc1 Qc7 31. Bf4 Qc8 32. Qb2 Nd5 33. Qxd4 Nxb4 34.
Nb3 Nc6 35. Qc3 Qb7 36. Nc5 Bxc5 37. Qxc5 a5 38. Bc1 a4 39. Bb2 b4 40. Qe3 a3
41. Qe8+ Kh7 42. Qe4+ g6 43. Bf6 Qd7 44. Qc4 Qe6 45. Qf4 g5 46. Qf3 Kg6 47. Bh8
b3 48. h4 b2 49. h5+ Kh7 0-1

[Event "Women's Speed Chess Q7"]
[Site "chess.com INT"]
[Date "2021.06.06"]
[Round "19"]
[White "Kazarian, Anna-Maja"]
[Black "Mendoza, Shania Mae"]
[Result "0-1"]
[WhiteTitle "FM"]
[BlackTitle "WFM"]
[WhiteElo "2096"]
[BlackElo "2158"]
[WhiteFideId "1033689"]
[BlackFideId "5211158"]
[EventDate "2021.06.06"]

1. e4 e5 2. Nf3 Nc6 3. Bb5 Nf6 4. d3 d6 5. O-O Be7 6. c3 O-O 7. Nbd2 Nb8 8. Ba4
a6 9. Re1 b5 10. Bc2 c5 11. Nf1 Nbd7 12. h3 Re8 13. Ne3 g6 14. g4 Bf8 15. Kg2
Bg7 16. g5 Nh5 17. Nd5 Nb6 18. Nxb6 Qxb6 19. a4 Qc6 20. axb5 axb5 21. Rxa8 Qxa8
22. Bb3 Qb7 23. Bd5 Qd7 24. Rh1 Kh8 25. Be3 Rf8 26. d4 cxd4 27. cxd4 f5 28. dxe5
dxe5 29. Bc5 Rd8 30. Qb3 Nf4+ 31. Kh2 Nxd5 32. exd5 e4 33. Ne1 Qc7+ 34. Kg2 Qxc5
35. Nc2 Bb7 36. Ne3 Bxd5 37. Qd1 f4 38. Nxd5 Rxd5 39. Qg4 Qf8 40. Qe6 f3+ 41.
Kg3 Qd6+ 42. Qxd6 Rxd6 43. Rc1 Bxb2 44. Rc8+ Kg7 45. Rc7+ Kg8 46. Rc8+ Kf7 47.
Rc7+ Ke6 48. Rxh7 Be5+ 49. Kg4 Rd1 50. Rb7 Rg1+ 51. Kh4 Bf4 52. Rxb5 Bxg5+ 53.
Rxg5 Rxg5 54. Kxg5 e3 55. fxe3 f2 56. Kxg6 f1=Q 57. h4 Qf5+ 58. Kh6 Qf6+ 59. Kh5
Kf5 60. e4+ Kxe4 61. Kg4 Qf5+ 0-1

[Event "Women's Speed Chess Q7"]
[Site "chess.com INT"]
[Date "2021.06.06"]
[Round "19"]
[White "Nguyen, Hong Anh"]
[Black "Babiy, Olga"]
[Result "1-0"]
[WhiteTitle "WIM"]
[BlackTitle "WGM"]
[WhiteElo "1993"]
[BlackElo "2280"]
[WhiteFideId "12406732"]
[BlackFideId "14117258"]
[EventDate "2021.06.06"]

1. d4 d5 2. c4 dxc4 3. Nf3 Nf6 4. g3 e6 5. Bg2 Nc6 6. O-O Rb8 7. a4 a6 8. Qc2 b5
9. axb5 axb5 10. e3 Be7 11. Rd1 O-O 12. b3 Nb4 13. Qe2 cxb3 14. Nbd2 Bb7 15.
Nxb3 Bd5 16. Nc5 Bxc5 17. dxc5 Qe7 18. Ba3 Nc6 19. Nd4 Bxg2 20. Kxg2 Nxd4 21.
exd4 Qd7 22. Qf3 c6 23. Bc1 Nd5 24. Bf4 Ra8 25. Bd6 Rfd8 26. h4 h6 27. Qg4 Qb7
28. Be5 g6 29. Bd6 Rxa1 30. Rxa1 Ra8 31. Rxa8+ Qxa8 32. h5 Qe8 33. hxg6 fxg6 34.
Qh4 Kh7 35. Be5 g5 36. Qe4+ Qg6 37. Qf3 Qf5 38. Qa3 Qe4+ 39. Kh2 Qc2 40. Qa7+
Kg6 41. Qg7+ Kh5 42. Kh3 Qf5+ 43. Kg2 g4 44. Bd6 Qf3+ 45. Kg1 Qf5 46. Bf8 Qg6
47. Qe5+ Qf5 48. Qg7 Qb1+ 49. Kh2 Qg6 50. Qe5+ Qf5 51. Qg7 Qxf2+ 52. Kh1 Qe1+
53. Kh2 Qe2+ 54. Kh1 Qe4+ 55. Kh2 Qg6 56. Qe5+ Qf5 57. Qg7 Qc2+ 58. Kh1 Qg6 59.
Qe5+ 1-0

[Event "Women's Speed Chess Q7"]
[Site "chess.com INT"]
[Date "2021.06.06"]
[Round "19"]
[White "Tokhirjonova, Gulrukhbegim"]
[Black "Papp, Petra"]
[Result "1-0"]
[WhiteTitle "WGM"]
[BlackTitle "WGM"]
[WhiteElo "2344"]
[BlackElo "2336"]
[WhiteFideId "14203626"]
[BlackFideId "739049"]
[EventDate "2021.06.06"]

1. e4 c6 2. d4 d5 3. e5 c5 4. c3 Nc6 5. Nf3 e6 6. Be2 Qb6 7. O-O Nge7 8. Na3
cxd4 9. cxd4 Nf5 10. Nc2 Bd7 11. Bd3 Nfxd4 12. Nfxd4 Nxd4 13. Be3 Bc5 14. b4
Nxc2 15. Bxc5 Qc7 16. Qxc2 Qxe5 17. Rfe1 Qh5 18. Rad1 Rc8 19. Qb2 f6 20. Qd4 b6
21. Bd6 Kf7 22. h3 Bc6 23. Bg3 e5 24. Bxe5 fxe5 25. Qb2 d4 26. Be2 Qg5 27. Bc4+
Kf8 28. f4 exf4 29. Be6 Re8 30. b5 Bb7 31. Qb4+ Re7 32. Bg4 h5 33. Rxd4 hxg4 34.
Rd8+ Kf7 35. Rxe7+ Qxe7 36. Qxe7+ Kxe7 37. Rxh8 g3 38. Rg8 Kf6 39. Rb8 Bd5 40.
Rd8 Bxa2 41. Rd7 Bc4 42. Rxa7 Bxb5 43. Rb7 Bd3 44. Rxb6+ Kg5 45. Rd6 Bf5 46. Rd5
g6 47. Kf1 Kf6 48. Ke2 Be4 49. Rd6+ Ke5 50. Rb6 Bxg2 51. Rxg6 Bxh3 52. Kf3 Kf5
53. Rg8 g2 54. Rf8+ Kg5 55. Rg8+ Kf5 56. Rf8+ Ke5 57. Rg8 Bf5 58. Kxg2 Be4+ 59.
Kf2 f3 60. Re8+ Kd4 61. Rd8+ Kc5 62. Ke3 Bc6 63. Rf8 Kb6 64. Rf5 Kc7 65. Rf6 Kd7
66. Kd4 Kc7 67. Ke5 Kb7 68. Kd4 Kc7 69. Kc5 Be4 70. Rf7+ Kd8 71. Kd6 Ke8 72.
Re7+ Kf8 73. Rxe4 Kg7 74. Rf4 Kg6 75. Rxf3 1-0

[Event "Women's Speed Chess Q7"]
[Site "chess.com INT"]
[Date "2021.06.06"]
[Round "19"]
[White "Dauletova, Gulmira"]
[Black "Petrova, Irina"]
[Result "1-0"]
[WhiteTitle "WGM"]
[BlackTitle "WIM"]
[WhiteElo "2257"]
[BlackElo "2110"]
[WhiteFideId "13702971"]
[BlackFideId "14124122"]
[EventDate "2021.06.06"]

1. e4 d6 2. d4 Nf6 3. Nc3 e5 4. d5 Be7 5. Be3 c6 6. dxc6 Nxc6 7. Qd2 Be6 8. f3
Rc8 9. g4 h6 10. h4 Nd7 11. Bf2 Nb6 12. O-O-O Nc4 13. Bxc4 Bxc4 14. Nge2 Qa5 15.
Kb1 b5 16. Ng3 b4 17. Na4 Qxa4 18. b3 Bxb3 19. cxb3 Qa5 20. Rc1 O-O 21. Nf5 Rfe8
22. g5 h5 23. Ne3 Nd4 24. Nd5 Rxc1+ 25. Rxc1 Nxf3 26. Qe3 Nd4 27. Qd3 Bf8 28.
Qc4 Nb5 29. Qxb4 Na3+ 30. Kb2 Qxb4 31. Nxb4 Nb5 32. Nd5 g6 33. a4 Nd4 34. Bxd4
exd4 35. Re1 Bg7 36. Kc2 Rc8+ 37. Kd3 Rb8 38. b4 a5 39. b5 Rc8 40. Re2 Rb8 41.
Rc2 Be5 42. Rc6 Kg7 43. b6 Kf8 44. Rc7 Kg7 45. b7 Bf4 46. Re7 Be5 47. Rd7 Bg3
48. Rc7 Bxh4 49. Nb6 Bxg5 50. Nd7 Rxb7 51. Rxb7 h4 52. Rb1 h3 53. Kxd4 h2 54.
Kd3 Bf4 55. Rh1 g5 56. Nb6 g4 57. Ke2 g3 58. Kf3 Be5 59. Nc4 Kf6 60. Nxa5 Ke6
61. Nc4 Kd7 62. Nxe5+ dxe5 63. Kxg3 Kc6 64. Rxh2 Kc5 65. Rf2 Kb4 66. Rxf7 Kxa4
67. Rf5 Kb4 68. Rxe5 Kc4 69. Kf4 Kd4 70. Re8 1-0

[Event "Women's Speed Chess Q7"]
[Site "chess.com INT"]
[Date "2021.06.06"]
[Round "19"]
[White "Eswaran, Aksithi"]
[Black "Zhuravleva, Olga"]
[Result "1-0"]
[WhiteTitle "WCM"]
[BlackTitle "WIM"]
[WhiteElo "1745"]
[BlackElo "2278"]
[WhiteFideId "2083485"]
[BlackFideId "4145933"]
[EventDate "2021.06.06"]

1. e4 e5 2. Nf3 Nc6 3. Bc4 Nf6 4. d3 d5 5. exd5 Nxd5 6. O-O Bc5 7. Re1 O-O 8.
Bg5 f6 9. Bh4 Kh8 10. Nc3 Nb6 11. Bb3 Bg4 12. h3 Bh5 13. Ne4 Bd6 14. Ng3 Bg6 15.
c3 Qd7 16. Ne4 f5 17. Nxd6 cxd6 18. Bg3 Bh5 19. Bh2 Qe7 20. d4 e4 21. Qd2 Qf6
22. Ng5 Rae8 23. h4 h6 24. Nh3 Qxh4 25. Bxd6 Rf6 26. Bg3 Qg4 27. Bd1 e3 28. fxe3
Qxg3 29. Bxh5 g6 30. Bf3 Nc4 31. Qf2 Qc7 32. Rab1 Nd6 33. Nf4 Rg8 34. Nd5 Qf7
35. Nxf6 Qxf6 36. Rf1 Rf8 37. b4 Kg7 38. b5 Nd8 39. a4 Ne6 40. Be2 Ne4 41. Qf3
Nxc3 42. Rbc1 Ne4 43. Bd3 N6g5 44. Qf4 Rf7 45. Bxe4 Nxe4 46. g4 fxg4 47. Qxf6+
Nxf6 48. Rc5 h5 49. Re5 h4 50. d5 g3 51. d6 Rd7 52. Re7+ Rxe7 53. dxe7 Ne8 54.
Rf8 Nd6 55. e8=Q Nxe8 56. Rxe8 h3 57. Re4 g5 58. Rg4 h2+ 59. Kg2 Kf6 60. Rxg3
Kf5 61. Kxh2 g4 62. Kg2 b6 63. Kf2 Kg5 64. Ke2 Kh4 65. Kf2 Kg5 66. e4 Kf4 67. e5
Kxe5 68. Rxg4 Kd5 69. Rg7 Kc5 70. Rxa7 Kb4 71. Ra6 Kc5 72. Ke3 Kb4 73. Kd3 Kc5
74. Kc3 Kd5 75. Rxb6 Kc5 76. Rb8 Kd5 77. a5 Kc5 78. a6 Kd5 79. a7 Ke4 80. a8=Q+
Ke3 81. Re8+ Kf4 82. Qd8 Kf5 83. Qe7 Kf4 84. Rf8+ Kg4 85. Qg7+ Kh3 86. Rh8# 1-0

[Event "Women's Speed Chess Q7"]
[Site "chess.com INT"]
[Date "2021.06.06"]
[Round "19"]
[White "Chu, Ruotong"]
[Black "Kotepalli, Sai Nirupama"]
[Result "1-0"]
[WhiteTitle "WIM"]
[BlackTitle "WFM"]
[WhiteElo "2207"]
[BlackElo "1914"]
[WhiteFideId "8605653"]
[BlackFideId "5039444"]
[EventDate "2021.06.06"]

1. d4 g6 2. Nf3 Bg7 3. g3 e6 4. Bg2 Ne7 5. O-O O-O 6. c4 d5 7. Nc3 c6 8. h4 h5
9. Bg5 f6 10. Bf4 Na6 11. e4 dxe4 12. Nxe4 Nf5 13. Qd2 Nc7 14. Rfd1 Rf7 15. c5
Nd5 16. Nd6 Nxd6 17. Bxd6 b6 18. b4 a5 19. bxa5 bxc5 20. dxc5 Rxa5 21. Rab1 Ra8
22. Nd4 Bd7 23. Bh3 f5 24. Re1 Qe8 25. Rb7 e5 26. Nf3 e4 27. Ng5 Bc3 28. Qd1
Bxe1 29. Nxf7 Bxf2+ 30. Kxf2 Qxf7 31. Qd4 Rxa2+ 32. Kg1 Ra8 33. Bf1 e3 34. Qe5
Re8 35. Qb2 Nf6 36. Be2 Ne4 37. Qc2 Nxd6 38. cxd6 Qe6 39. Bc4 e2 40. Bxe6+ Rxe6
41. Rb1 e1=Q+ 42. Rxe1 Rxe1+ 43. Kf2 Re6 44. Qb3 Kf7 45. Qb8 Kf6 46. Qc7 Be8 47.
d7 Bxd7 48. Qxd7 c5 49. Qd8+ Ke5 50. Qc7+ Kd5 51. Qd7+ Ke5 52. Qc8 Kd5 53. Kf3
c4 54. Kf4 Re4+ 55. Kf3 Rd4 56. Qd7+ Kc5 57. Qa7+ Kd5 58. Qb6 Rd3+ 59. Ke2 Rxg3
60. Qb7+ Ke6 61. Qc6+ Ke5 62. Qc7+ Kd4 63. Qxg3 c3 64. Qxg6 c2 65. Qc6 c1=Q 66.
Qxc1 Ke5 67. Qg1 f4 68. Qg5+ Ke4 69. Qxh5 f3+ 70. Qxf3+ 1-0

[Event "Women's Speed Chess Q7"]
[Site "chess.com INT"]
[Date "2021.06.06"]
[Round "19"]
[White "Gevorgyan, Maria"]
[Black "Batsiashvili, Nino"]
[Result "0-1"]
[WhiteTitle "WGM"]
[BlackTitle "GM"]
[WhiteElo "2219"]
[BlackElo "2491"]
[WhiteFideId "13300270"]
[BlackFideId "13602993"]
[EventDate "2021.06.06"]

1. e4 c6 2. d4 d5 3. Nc3 dxe4 4. Nxe4 Nf6 5. Nxf6+ exf6 6. Nf3 Bd6 7. Be3 O-O 8.
c3 Re8 9. Qc2 Nd7 10. O-O-O Nf8 11. Bd3 a5 12. h3 a4 13. g4 a3 14. b3 Qc7 15.
Rdg1 Bf4 16. g5 Rxe3 17. fxe3 Bxe3+ 18. Kb1 Bxg1 19. Rxg1 fxg5 20. Nxg5 g6 21.
h4 h5 22. Rf1 f5 23. Bc4+ Kg7 24. Qd2 Qd6 25. d5 c5 26. Re1 Bd7 27. Bf1 Re8 28.
Rd1 Re5 29. c4 Re7 30. Qc1 f4 31. Qxa3 Bf5+ 32. Ka1 Qe5+ 33. Qb2 Qxb2+ 34. Kxb2
Nd7 35. d6 Re3 36. a4 f3 37. a5 f2 38. Rd2 Re1 39. Rxf2 Rd1 40. Bg2 Rxd6 41.
Bxb7 Nb8 42. Bd5 Ra6 43. Re2 Rxa5 44. Re7+ Kf6 45. Rb7 Na6 46. Rb6+ Ke5 47. Bf7
Nb4 48. Bxg6 Ra2+ 49. Kc1 Nd3+ 50. Kb1 Nb4+ 51. Kc1 Rc2+ 52. Kd1 Bxg6 53. Rxg6
Rb2 54. Nf3+ Kf4 55. Rf6+ Ke3 56. Kc1 Rxb3 57. Ne5 Rc3+ 58. Kb2 Kd4 59. Nc6+
Kxc4 60. Nxb4 cxb4 61. Rh6 Rh3 62. Rxh5 Rh2+ 63. Kc1 Kc3 64. Rc5+ Kb3 65. h5
Rh1+ 66. Kd2 Kb2 67. Rc2+ Kb1 68. Rc5 b3 69. Kc3 b2 70. Kb3 Rh3+ 71. Ka4 Ka2 72.
Rc2 Rxh5 73. Kb4 Rh4+ 74. Kc3 Rh3+ 75. Kb4 Ka1 76. Ka4 b1=Q 77. Ra2+ Qxa2+ 0-1

[Event "Women's Speed Chess Q7"]
[Site "chess.com INT"]
[Date "2021.06.06"]
[Round "19"]
[White "Garifullina, Leya"]
[Black "Potapova, Margarita"]
[Result "0-1"]
[WhiteTitle "WGM"]
[BlackTitle "WIM"]
[WhiteElo "2399"]
[BlackElo "2260"]
[WhiteFideId "34127035"]
[BlackFideId "14126869"]
[EventDate "2021.06.06"]

1. e4 c5 2. Nf3 d6 3. d4 cxd4 4. Nxd4 Nf6 5. Nc3 a6 6. h3 e5 7. Nde2 b5 8. g4 b4
9. Nd5 Nxd5 10. Qxd5 Ra7 11. Be3 Be6 12. Qd3 Rd7 13. Bg2 Be7 14. O-O O-O 15. Ng3
g6 16. Rad1 Qc8 17. Rfe1 Bc4 18. Qd2 a5 19. c3 Na6 20. b3 Be6 21. c4 Nc5 22. Bh6
Re8 23. Nf5 f6 24. Nxe7+ Rexe7 25. Be3 Re8 26. Qc2 Red8 27. Rd2 Qc7 28. Red1 Bf7
29. Ra1 Qc6 30. a3 bxa3 31. Rxa3 Rb7 32. Rd1 Rdb8 33. Rxa5 Nxb3 34. Ra2 Nc5 35.
Qe2 Nd7 36. Rad2 Bxc4 37. Qe1 Bf7 38. Rxd6 Qc8 39. Rc1 Qe8 40. Bf1 Qe7 41. Rcd1
Nf8 42. R6d2 Ne6 43. Rc1 Qe8 44. Qe2 Qa4 45. Qf3 Kg7 46. Bg2 Qe8 47. Rcd1 Qe7
48. Rd6 g5 49. Qe2 Rb1 50. Rxb1 Rxb1+ 51. Rd1 Rb7 52. Bf1 Qb4 53. Bg2 Rc7 54.
Qd2 Qe7 55. Qd6 Qxd6 56. Rxd6 Rb7 57. Rd1 Rc7 58. Re1 Rb7 59. Rd1 Rc7 60. Re1
Rc4 61. Rd1 Rc2 62. Re1 Nf4 63. Bxf4 gxf4 64. f3 h5 65. Rf1 Kg6 66. Rf2 Rc1+ 67.
Kh2 Rc7 68. Rd2 hxg4 69. hxg4 Be6 70. Kg1 Rc1+ 71. Kf2 Rc6 72. Re2 Rb6 73. Rd2
Bc4 74. Bf1 Bxf1 75. Kxf1 Rb3 76. Kf2 Rc3 77. Re2 Rb3 78. Rd2 Kg5 79. Rd7 Rb2+
80. Kf1 Kh4 81. Rf7 Kg3 82. Rxf6 Kxf3 83. Ke1 Kxe4 84. g5 Rg2 85. g6 Kf3 86. Kf1
Rg4 87. Re6 e4 88. Ke1 e3 89. Kd1 Rg1+ 90. Kc2 e2 91. g7 Rxg7 92. Kd2 Rd7+ 93.
Ke1 Rd1# 0-1

[Event "Women's Speed Chess Q7"]
[Site "chess.com INT"]
[Date "2021.06.06"]
[Round "19"]
[White "Ambartsumova, Karina"]
[Black "Purtseladze, Maka"]
[Result "0-1"]
[WhiteTitle "IM"]
[BlackTitle "IM"]
[WhiteElo "2382"]
[BlackElo "2274"]
[WhiteFideId "4166299"]
[BlackFideId "13602659"]
[EventDate "2021.06.06"]

1. c4 e6 2. Nf3 d5 3. e3 Nf6 4. Nc3 Be7 5. b3 O-O 6. Bb2 b6 7. Be2 Bb7 8. O-O
Nbd7 9. cxd5 Nxd5 10. Qc2 N7f6 11. a3 c5 12. Rac1 Rc8 13. Rfd1 Qc7 14. h3 Nxc3
15. Bxc3 Rfd8 16. Qb2 Ne8 17. Be5 Bd6 18. Bxd6 Qxd6 19. d4 cxd4 20. Rxc8 Rxc8
21. Rxd4 Qc5 22. Rc4 Qd5 23. Rxc8 Bxc8 24. Qc2 Bb7 25. Qc4 f6 26. Qxd5 Bxd5 27.
Nd2 Nd6 28. f3 e5 29. e4 Be6 30. Kf2 Kf7 31. Ke3 Ke7 32. g3 Kd7 33. f4 exf4+ 34.
gxf4 Bxh3 35. e5 fxe5 36. fxe5 Nf5+ 37. Kf4 Ne7 38. Bc4 h6 39. Ne4 Ng6+ 40. Kg3
Bf5 41. Nd6 Be6 42. Bb5+ Kd8 43. Ne4 Nxe5 44. Kf4 Nf7 45. Nf2 g5+ 46. Ke3 Bxb3
47. Bd3 Be6 48. Bg6 Ne5 49. Be4 Nc4+ 50. Kd4 Nxa3 51. Ke5 Bc4 52. Ng4 Nb5 53.
Nxh6 a5 54. Bc2 Na3 55. Bd1 b5 56. Kd4 Bf1 57. Ng4 b4 58. Ne3 Bb5 59. Kc5 Bd7
60. Kb6 a4 61. Nd5 b3 62. Nc3 b2 63. Ka5 b1=Q 64. Nxb1 Nxb1 65. Kb4 Nd2 66. Kc3
Ne4+ 67. Kd4 Nd6 68. Kc5 a3 69. Bb3 Ne4+ 70. Kb4 Nd2 71. Bd5 g4 72. Kxa3 Ke7 73.
Kb4 Kd6 74. Bg2 Ke5 75. Kc3 Ne4+ 76. Kd3 Kf4 77. Ke2 Ng3+ 78. Ke1 Nf5 79. Kf2
g3+ 80. Kg1 Ne3 81. Bb7 Bf5 82. Ba8 Be4 83. Bc6 Nf5 84. Bb5 Nd4 85. Bc4 Kf3 86.
Bf1 Bf5 87. Bg2+ Kf4 88. Bf1 Bg4 89. Bg2 Ne2+ 90. Kh1 Nd4 91. Kg1 Bf3 92. Bf1
Ne2+ 93. Bxe2 Bxe2 94. Kg2 Bf3+ 95. Kg1 Kg4 96. Kf1 Kh3 97. Kg1 Bg4 98. Kf1 g2+
99. Kg1 Bf5 100. Kf2 Kh2 0-1

[Event "Women's Speed Chess Q7"]
[Site "chess.com INT"]
[Date "2021.06.06"]
[Round "19"]
[White "Pham, Le Thao Nguyen"]
[Black "Avramidou, Anastasia"]
[Result "1-0"]
[WhiteTitle "IM"]
[BlackTitle "FM"]
[WhiteElo "2369"]
[BlackElo "2238"]
[WhiteFideId "12401226"]
[BlackFideId "4239873"]
[EventDate "2021.06.06"]

1. d4 g6 2. Nf3 Bg7 3. Bf4 d6 4. e3 Nf6 5. h3 O-O 6. c3 b6 7. Bc4 Bb7 8. Nbd2
Nbd7 9. a4 a6 10. O-O Re8 11. Qb3 e6 12. Rfe1 d5 13. Bd3 c5 14. Qc2 Rc8 15. Qb1
Nb8 16. Ne5 Nc6 17. Bg5 Qd6 18. f4 Nd7 19. Bh4 c4 20. Bc2 Nf8 21. Qd1 f6 22.
Nef3 b5 23. axb5 axb5 24. Bg3 f5 25. Ne5 Ra8 26. Qe2 Nd7 27. Bh4 Nf6 28. Bxf6
Bxf6 29. Ndf3 b4 30. Ba4 Rec8 31. Bxc6 Bxc6 32. Qf2 Bb5 33. h4 b3 34. h5 Be8 35.
Qg3 Kg7 36. Ng5 Bxg5 37. Qxg5 Qd8 38. h6+ Kg8 39. Qg3 Qf6 40. Nf3 Qf8 41. Qg5
Qd6 42. Ne5 Qd8 43. Qg3 Qf6 44. Kf2 Rcb8 45. Kf3 Ra2 46. Rab1 Qe7 47. Qg5 Qxg5
48. fxg5 Kf8 49. Kf4 Bc6 50. Nf3 Bd7 51. Ke5 Ke7 52. Ng1 Rba8 53. Nh3 R2a7 54.
Nf4 Ra5 55. Rf1 Kf7 56. g4 Ke7 57. Ne2 Ra2 58. Rg1 R2a5 59. Kf4 Rf8 60. Kg3 Ra2
61. Nf4 Ra6 62. Rgf1 Ra7 63. Nh3 Ra6 64. Ng1 Ra5 65. Nf3 Ra2 66. Ne5 Ra5 67. Rh1
Ra2 68. Rh2 Ra5 69. Rbh1 Be8 70. Rf2 Ra2 71. Rhf1 Ra7 72. Nf3 Ra6 73. gxf5 gxf5
74. Ne5 Rg8 75. Kf4 Ra2 76. Rg2 Bg6 77. Rfg1 Rf8 78. Nxg6+ hxg6 79. h7 Rh8 80.
Rh1 Kf7 81. Rh6 Kg7 82. Rgh2 Ra1 83. Ke5 Re1 84. R6h3 f4 85. Kxf4 Rf8+ 86. Ke5
Rh8 87. Kxe6 Rg1 88. Kxd5 Rxg5+ 89. Kxc4 Rc8+ 90. Kxb3 Rh8 91. Kc4 Ra5 92. b4
Raa8 93. e4 Rac8+ 94. Kd3 g5 95. e5 Kg6 96. d5 Kf5 97. Re3 g4 98. e6 Rcd8 99. c4
Kf4 100. Rf2+ Kg5 101. Rf7 Ra8 102. e7 Ra3+ 103. Kd4 Ra1 104. Rf8 Rd1+ 105. Kc5 1-0

[Event "Women's Speed Chess Q7"]
[Site "chess.com INT"]
[Date "2021.06.06"]
[Round "20"]
[White "Tania, Sachdev"]
[Black "Gunina, Valentina"]
[Result "0-1"]
[WhiteTitle "IM"]
[BlackTitle "GM"]
[WhiteElo "2392"]
[BlackElo "2436"]
[WhiteFideId "5007844"]
[BlackFideId "4167570"]
[EventDate "2021.06.06"]

1. d4 d5 2. c4 c6 3. Nf3 Nf6 4. Nc3 dxc4 5. a4 Bf5 6. Ne5 Nbd7 7. Nxc4 Nb6 8.
Ne5 a5 9. e3 e6 10. f3 Bb4 11. Be2 h6 12. O-O O-O 13. e4 Bh7 14. Be3 Qe7 15. d5
exd5 16. Nxc6 bxc6 17. Bxb6 dxe4 18. Nxe4 Nxe4 19. fxe4 c5 20. e5 Rab8 21. e6
Rxb6 22. exf7+ Kh8 23. Bc4 Rd6 24. Qf3 Bg6 25. Qg3 Rf6 26. Rxf6 Qxf6 27. Rf1
Qd4+ 28. Kh1 Qxc4 0-1

[Event "Women's Speed Chess Q7"]
[Site "chess.com INT"]
[Date "2021.06.06"]
[Round "20"]
[White "Fominykh, Maria"]
[Black "Komiagina, Maria"]
[Result "1-0"]
[WhiteTitle "WGM"]
[BlackTitle "WIM"]
[WhiteElo "2206"]
[BlackElo "2241"]
[WhiteFideId "4142411"]
[BlackFideId "4153987"]
[EventDate "2021.06.06"]

1. d4 Nf6 2. c4 g6 3. Nf3 Bg7 4. Nc3 d6 5. e4 O-O 6. h3 Qe8 7. Be3 Kh8 8. Be2
Na6 9. g4 e5 10. d5 Nc5 11. Nd2 a5 12. h4 Ng8 13. h5 Bd7 14. g5 gxh5 15. Rxh5 f5
16. gxf6 Nxf6 17. Rh1 Qg6 18. Qc2 Na6 19. O-O-O Nb4 20. Qb1 a4 21. a3 Na6 22.
Rdg1 Qf7 23. Nf3 Qe7 24. Ng5 h6 25. Nf3 Kh7 26. Nh4 Be8 27. Nf5 Qf7 28. Rxg7+
Qxg7 29. Nxg7 Kxg7 30. Bxh6+ Kf7 31. Bxf8 1-0